| 000 | 02048nam a2200217Ia 4500 | ||
|---|---|---|---|
| 008 | 180910s9999 xx 000 0 und d | ||
| 100 | 1 |
_aSemaan, Michleen _gMaster (EdE) |
|
| 245 | 1 | 0 | _aICT's role in improving writing in English in the second cycle of learning |
| 260 |
_aBeirut _bUniversity of Balamand - Faculty of Arts and Social Sciences _c2012 |
||
| 300 | _a172 pages | ||
| 500 | _aالنوع : Mémoire | ||
| 520 | 3 | _aThis project’s study investigated the role of ICT Information and Communication Technology (ICT) as a mentor and a tool in improving the English writing skills of learners in the second cycle of learning in relation to the traditional teacher and teaching strategies. The participants were 14 average students in the 5th elementary class of a private school in north Lebanon. Seven students were taught using ICT and were called the experimental group, and 7 others using the traditional means and were called the control group. They were given to write a paragraph about their opinion on the same topic before and after instruction. Their writings were studied based on how much they improved after instruction in mainly 11 skills in writing. The results showed that ICT plays a slightly better role, both as an instructor and as a tool, than the traditional means in improving at least 9 writing skills and in increasing the exploration of a studied skill in a text. It is suggested that the results could have shown to be more obvious had there been fewer limitations. | |
| 650 | 4 | _a التعليم والتكنولوجيا | |
| 650 | 4 | _aCycle primaire L’enseignement de la Langue Anglaise Méthodes d’enseignement | |
| 650 | 4 | _aEducation et la technologie | |
| 650 | 4 | _aElementary Education English Language Education Teaching Methods | |
| 650 | 4 | _aICT and Education | |
| 650 | 4 | _aالمرحلة الابتدائية تعليم اللغة الانكليزية طرق التعليم | |
| 856 | _uhttp://olib.balamand.edu.lb/webview?infile=details.glu&loid=129167&rs=186035&hitno=38 | ||
| 942 | _cLAESDATA | ||
| 999 |
_c20525 _d20525 |
||